<?xml version="1.0" encoding="UTF-8"?>
<record
    xmlns:xsi="http://www.w3.org/2001/XMLSchema-instance"
    xsi:schemaLocation="http://www.loc.gov/MARC21/slim http://www.loc.gov/standards/marcxml/schema/MARC21slim.xsd"
    xmlns="http://www.loc.gov/MARC21/slim">

  <leader>01146nam a22001937a 4500</leader>
  <controlfield tag="005">2012021505585.0</controlfield>
  <datafield tag="020" ind1=" " ind2=" ">
    <subfield code="a">8181462629</subfield>
    <subfield code="c">65.00</subfield>
  </datafield>
  <datafield tag="082" ind1=" " ind2=" ">
    <subfield code="a">&#x915;</subfield>
  </datafield>
  <datafield tag="100" ind1=" " ind2=" ">
    <subfield code="a">&#x92E;&#x941;&#x924;&#x94D;&#x924;&#x921;&#x93E;, &#x91C;&#x947;&#x915;&#x92C; &#x938;&#x948;&#x92E;&#x938;&#x928; </subfield>
    <subfield code="9">42082</subfield>
  </datafield>
  <datafield tag="245" ind1=" " ind2=" ">
    <subfield code="a">&#x924;&#x915;&#x93F;&#x91F; &#x924;&#x930;&#x93F;&#x915;&#x93F;&#x91F;&#x94D;&#x91F; &#x92B;&#x941;&#x926;&#x915;&#x930;&#x940; &#x92C;&#x949;&#x932;&#x903;</subfield>
    <subfield code="c">&#x91C;&#x947;&#x915;&#x92C; &#x938;&#x948;&#x92E;&#x938;&#x928; &#x92E;&#x941;&#x924;&#x94D;&#x924;&#x921;&#x93E;;&#x905;&#x936;&#x94B;&#x915; &#x930;&#x93E;&#x91C;&#x917;&#x94B;&#x92A;&#x93E;&#x932;&#x928; &#x926;&#x94D;&#x935;&#x93E;&#x930;&#x93E; &#x91A;&#x93F;&#x924;&#x94D;&#x930;&#x93E;&#x902;&#x915;&#x93F;&#x924;;&#x938;&#x941;&#x937;&#x92E;&#x93E; &#x926;&#x94D;&#x935;&#x93E;&#x930;&#x93E; &#x905;&#x928;&#x941;&#x926;&#x93F;&#x924;</subfield>
    <subfield code="b">&#x92E;&#x942;&#x932; &#x915;&#x925;&#x93E; &#x92E;&#x932;&#x92F;&#x93E;&#x932;&#x92E; &#x92E;&#x947;&#x902; /</subfield>
  </datafield>
  <datafield tag="260" ind1=" " ind2=" ">
    <subfield code="a">&#x91A;&#x948;&#x928;&#x94D;&#x928;&#x908;</subfield>
    <subfield code="b">&#x924;&#x942;&#x932;&#x93F;&#x915;&#x93E; &#x92A;&#x92C;&#x94D;&#x932;&#x93F;&#x936;&#x93F;&#x902;&#x917;</subfield>
    <subfield code="c">2008</subfield>
  </datafield>
  <datafield tag="270" ind1=" " ind2=" ">
    <subfield code="a">13, &#x92A;&#x943;&#x925;&#x94D;&#x935;&#x940; &#x910;&#x935;&#x928;&#x94D;&#x92F;&#x941;,&#x905;&#x92D;&#x93F;&#x930;&#x92E;&#x92A;&#x941;&#x930;&#x92E;</subfield>
    <subfield code="b">&#x91A;&#x948;&#x928;&#x94D;&#x928;&#x908;</subfield>
    <subfield code="e">600018</subfield>
  </datafield>
  <datafield tag="300" ind1=" " ind2=" ">
    <subfield code="a">&#x905;.&#x92A;&#x943;</subfield>
    <subfield code="b">&#x938;&#x91A;&#x93F;&#x924;&#x94D;&#x930;</subfield>
    <subfield code="c">18&#x938;&#x947;&#x92E;&#x940; (&#x905;&#x91C;&#x93F;&#x932;&#x94D;&#x926;)</subfield>
  </datafield>
  <datafield tag="700" ind1=" " ind2=" ">
    <subfield code="a">&#x930;&#x93E;&#x91C;&#x917;&#x94B;&#x92A;&#x93E;&#x932;&#x928;, &#x905;&#x936;&#x94B;&#x915;</subfield>
    <subfield code="9">42026</subfield>
  </datafield>
  <datafield tag="700" ind1=" " ind2=" ">
    <subfield code="9">42032</subfield>
    <subfield code="a">&#x938;&#x941;&#x937;&#x92E;&#x93E;</subfield>
  </datafield>
  <datafield tag="700" ind1=" " ind2=" ">
    <subfield code="9">42037</subfield>
  </datafield>
  <datafield tag="942" ind1=" " ind2=" ">
    <subfield code="2">ddc</subfield>
    <subfield code="c">CH</subfield>
    <subfield code="h">&#x915;</subfield>
    <subfield code="m">&#x92E;&#x941;&#x924;&#x94D;&#x924;&#x921;&#x93E;</subfield>
  </datafield>
  <datafield tag="999" ind1=" " ind2=" ">
    <subfield code="c">62838</subfield>
    <subfield code="d">62838</subfield>
  </datafield>
  <datafield tag="952" ind1=" " ind2=" ">
    <subfield code="0">0</subfield>
    <subfield code="1">0</subfield>
    <subfield code="4">0</subfield>
    <subfield code="7">-1</subfield>
    <subfield code="a">AG</subfield>
    <subfield code="b">AG</subfield>
    <subfield code="d">2012-02-15</subfield>
    <subfield code="g">65.00</subfield>
    <subfield code="l">0</subfield>
    <subfield code="o">&#x915; &#x92E;&#x941;&#x924;&#x94D;&#x924;&#x921;&#x93E;</subfield>
    <subfield code="r">2012-02-15 00:00:00</subfield>
    <subfield code="v">65.00</subfield>
    <subfield code="w">2012-02-15</subfield>
    <subfield code="y">CH</subfield>
  </datafield>
</record>
